| 000 -LEADER |
| fixed length control field |
00870nam a22001457a 4500 |
| 008 - FIXED-LENGTH DATA ELEMENTS--GENERAL INFORMATION |
| fixed length control field |
220702b ||||| |||| 00| 0 eng d |
| 100 ## - MAIN ENTRY--PERSONAL NAME |
| Personal name |
Rangarajan, Jayanthi |
| 245 ## - TITLE STATEMENT |
| Title |
Advancements in medicine |
| 260 ## - PUBLICATION, DISTRIBUTION, ETC. (IMPRINT) |
| Place of publication, distribution, etc |
Yojana |
| 300 ## - PHYSICAL DESCRIPTION |
| Extent |
66(6), Jun, 2022: p.53-55 |
| 520 ## - SUMMARY, ETC. |
| Summary, etc |
Medicine is not merely a science but on art too; this is a famous adage we owe to Paracelsus, a 16th century alchemist turned physician. Technology, the third dimensions, has steadily been incorporated and has fortified medicine as practiced today. Health or medical technology is defined by the WHO as the application of organized knowledge and skill in the form of devices, medicines, vaccines, procedures, procedures , and systems to solve a health problem and improve quality of lives. – Reproduced
|
| 773 ## - HOST ITEM ENTRY |
| Main entry heading |
Yojana |
| 906 ## - LOCAL DATA ELEMENT F, LDF (RLIN) |
| Subject DIP |
HEALTH SERVICES |
| 942 ## - ADDED ENTRY ELEMENTS (KOHA) |
| Item type |
Articles |